Türkiye ve orta Asya / (Kayıt no. 10284)

MARC ayrıntıları
000 -BAŞLIK
Sabit Uzunluktaki Kontrol Alanı 01196nam a22002297a 4500
003 - KONTROL NUMARASI KİMLİĞİ
Kontrol Alanı KOHA_MİRAKIL
005 - EN SON İŞLEM TARİHİ ve ZAMANI
Kontrol Alanı 20260416105613.0
008 - SABİT UZUNLUKTAKİ VERİ ÖGELERİ - GENEL BİLGİ
Sabit Alan 260416b tu ||||| |||| 00| 0 tur d
020 ## - ISBN - ULUSLARARASI STANDART KİTAP NUMARASI
Isbn 9755333606
040 ## - KATALOGLAMA KAYNAĞI
Özgün Kataloglama Kurumu TR-AnABB
Kataloglama Dili tur
Çeviri Kurumu TR-AnABB
041 ## - DİL KODU
Metin ya da ses kaydının dil kodu tur
082 ## - DEWEY ONU SINIFLAMA SİSTEMİ
Sınıflama Numarası 327.561
Cutter numarası KAR 2003
100 1# - KİŞİ ADI
Yazar Adı (Kişi adı) Karpat, Kemal H.
245 10 - ESER ADI BİLDİRİMİ
Başlık Türkiye ve orta Asya /
Sorumluluk Bildirimi Kemal H. Karpat ; çeviren: Hakan Gür
250 ## - BASIM BİLDİRİMİ
Basım Bildirimi 1. baskı
260 ## - YAYIN, DAĞITIM, VB.
Yayın Yeri Ankara :
Yayınevi İmge Kitabevi yayınları,
Yayın Tarihi 2003
300 ## - FİZİKSEL TANIMLAMA
Sayfa, Cilt vb. 393 sayfa ;
Boyutları 20 cm
505 ## - İÇİNDEKİLER NOTU
İçindekiler Notu İçindekiler: Yeni devletlerde batılı siyasal kurumların kabulü - Yeni devletlerde ideoloji: Son mu başlangıç mı - Asya'da Tek ya da iki partili sistemler - Eski ve yeni orta asya - Kazak ulusçuluğunun kökleri: Etnik köken mi, İslam mı veya Toprak mı? - Yakup Bey'İn Osmanlı padişahlarıyla ilişkilerinin yeniden yorumlanması - Türk-Sovyet ilişkileri - Türk dış politikası - Orta Asya Devletlerinin dış politikasını şekillendiren sosyopolitik ortam - Orta Asya ülkeleri, Türkiye ve Iran'ın dış politikası
650 04 - KONU BAŞLIĞI EK GİRİŞ - KONU TERİMİ
Konusal terim veya coğrafi ad Dış Politika, Türkiye
900 ## - YEREL BİLGİ
Kontrol Can ÇELIK
942 ## - EK GİRİŞ ÖGELERİ (KOHA)
Sınıflama Kaynağı Dewey Decimal Classification
Materyal Türü Kitap
Mevcut
Geri Çekilme Durumu Kayıp Durumu Sınıflandırma Kaynağı Kredi için değil Kalıcı Konum Mevcut Konum Kayıt Tarih Toplam Ödünçverme Yer Numarası Demirbaş Numarası Son Görülme Tarihi Fatura Tarihi Materyal Türü
    Dewey Decimal Classification   Prof. Dr. Ruşen Keleş Kütüphanesi Prof. Dr. Ruşen Keleş Kütüphanesi 16/04/2026   327.561 KAR 2003 RK7175 16/04/2026 16/04/2026 Kitap